| 000 | 00894nam a22002177a 4500 | ||
|---|---|---|---|
| 999 |
_c7343 _d7343 |
||
| 003 | AR-CdUCM | ||
| 008 | 190320b ||||| |||| 00| 0 spa d | ||
| 040 |
_aMUNICIPALIDAD PROVINCIAL DEL CUSCO _cBIBLIOTECA MUNICIPAL DEL CUSCO |
||
| 082 |
_a598 / _bS21 |
||
| 100 |
_aSánchez, R. Cristian _920688 |
||
| 245 | _aCrianza y Comercialización de la Codorniz / | ||
| 260 |
_aPerú : _bRIPALME , _c2004. |
||
| 300 |
_a135 páginas ; _c21 cm. |
||
| 440 |
_aColección Granja y Negocios _920689 |
||
| 505 | _aContenido : 1.- Conociendo a la Codorniz -- Anatomia de la Codorniz -- Crianza y Produccion -- Las Instalaciones -- Nutricion y Alimentacion -- Reproduccion de la Codorniz -- Manejo de las Condornizes -- Proteccion Sanitaria... | ||
| 650 |
_aCrianza de la Condorniz _920690 |
||
| 650 |
_aLa Codorniz _920691 |
||
| 650 |
_aCrianza de Animales _920692 |
||
| 942 |
_2ddc _cLIBROS |
||
| 945 | _artm | ||